Studies in African applied folklore / (Record no. 63828)
[ view plain ]
| 000 -LEADER | |
|---|---|
| fixed length control field | 00982nam a2200265 a 4500 |
| 001 - CONTROL NUMBER | |
| control field | 2924446 |
| 005 - DATE AND TIME OF LATEST TRANSACTION | |
| control field | 20170619150142.0 |
| 008 - FIXED-LENGTH DATA ELEMENTS--GENERAL INFORMATION | |
| fixed length control field | 890113s1986 sj 000 0 eng |
| 010 ## - LIBRARY OF CONGRESS CONTROL NUMBER | |
| LC control number | 88980767 |
| 040 ## - CATALOGING SOURCE | |
| Original cataloging agency | DLC |
| Transcribing agency | DLC |
| Modifying agency | DLC |
| 043 ## - GEOGRAPHIC AREA CODE | |
| Geographic area code | f-sj--- |
| -- | f------ |
| 050 00 - LIBRARY OF CONGRESS CALL NUMBER | |
| Classification number | GR355.8 |
| Item number | .H87 1986 |
| 082 00 - DEWEY DECIMAL CLASSIFICATION NUMBER | |
| Classification number | 398/.09624 |
| Edition number | 20 |
| 100 1# - MAIN ENTRY--PERSONAL NAME | |
| Personal name | Hurreiz, Sayed Hamid A. |
| 245 10 - TITLE STATEMENT | |
| Title | Studies in African applied folklore / |
| Statement of responsibility, etc | Sayyid H. Hurreiz. |
| 260 ## - PUBLICATION, DISTRIBUTION, ETC. (IMPRINT) | |
| Place of publication, distribution, etc | Khartoum : |
| Name of publisher, distributor, etc | Institute of African and Asian Studies, University of Khartoum, |
| Date of publication, distribution, etc | c1986. |
| 300 ## - PHYSICAL DESCRIPTION | |
| Extent | 137 p. ; |
| Dimensions | 24 cm. |
| 490 1# - SERIES STATEMENT | |
| Series statement | Occasional papers ; |
| Volume number/sequential designation | no. 20 |
| 650 #0 - SUBJECT ADDED ENTRY--TOPICAL TERM | |
| Topical term or geographic name as entry element | Applied folklore |
| Geographic subdivision | Sudan. |
| 650 #0 - SUBJECT ADDED ENTRY--TOPICAL TERM | |
| Topical term or geographic name as entry element | Applied folklore |
| Geographic subdivision | Africa. |
| 830 #0 - SERIES ADDED ENTRY--UNIFORM TITLE | |
| Uniform title | Occasional paper (Jāmiʻat al-Kharṭūm. Maʻhad al-Dirāsāt al-Afrīqīyah wa-al-Āsiyawīyah) ; |
| Volume number/sequential designation | no. 20. |
| 906 ## - LOCAL DATA ELEMENT F, LDF (RLIN) | |
| a | 7 |
| b | cbc |
| c | orignew |
| d | 3 |
| e | ncip |
| f | 19 |
| g | y-gencatlg |
| 942 ## - ADDED ENTRY ELEMENTS (KOHA) | |
| Source of classification or shelving scheme | |
No items available.
